عرض عادي
عرض مارك
- Wright, Edmund
مدخل إسم شخص
001 - رقم الضبط
- حقل الضبط: 40959
003 - معرف رقم الضبط
- حقل الضبط: OSt
005 - تاريخ ووقت أخر عملية
- حقل الضبط: 20131212214127.0
008 - عناصر بيانات ثابتة الطول
- حقل تحكم ثابت الطول: 131212|||a|||||| | ||| d
040 ## - مصدر الفهرسة
- هيئة الفهرسة الأصلية: OSt
- وكالة الكتابة: OSt
100 ## - مدخل -- أسم شخص
- إسم شخص: Wright, Edmund
- الشكل الكامل للاسم: (Thomas Edmund Farnsworth)
670 ## - بيانات المصدر موجوده
- الاستشهاد بالمصدر: Work cat.: (OSt)0: A dictionary of computing., 2008.
